[Event "WCO2014"]
[Site "Tromso"]
[Date "2014.08.12"]
[Round "10.10"]
[WhiteID "3000273"]
[White "De Leon Patricia"]
[BlackID "2503999"]
[Black "Mirza Diana"]
[Result "1-0"]
[LiveChessVersion "1.4.3"]
[BlackElo "1734"]
[WhiteElo "1921"]

1. d4 {[%clk 1:30:55]} Nf6 {[%clk 1:30:59]} 2. Nf3 {[%clk 1:31:21]} g6
{[%clk 1:31:19]} 3. g3 {[%clk 1:31:41]} Bg7 {[%clk 1:31:38]} 4. Bg2
{[%clk 1:31:57]} O-O {[%clk 1:31:45]} 5. O-O {[%clk 1:32:01]} d6 {[%clk 1:31:57]}
6. a4 {[%clk 1:31:08]} Nbd7 {[%clk 1:31:04]} 7. a5 {[%clk 1:29:29]} c6
{[%clk 1:26:36]} 8. c3 {[%clk 1:25:20]} d5 {[%clk 1:15:36]} 9. Nbd2
{[%clk 1:08:34]} Re8 {[%clk 1:13:12]} 10. e4 {[%clk 0:52:15]} e5 {[%clk 1:09:57]}
11. exd5 {[%clk 0:48:52]} Nxd5 {[%clk 1:08:00]} 12. Ne4 {[%clk 0:45:09]} exd4
{[%clk 1:06:39]} 13. Nxd4 {[%clk 0:44:27]} Ne5 {[%clk 1:05:23]} 14. a6
{[%clk 0:30:41]} bxa6 {[%clk 1:04:12]} 15. Nc5 {[%clk 0:27:07]} Qb6
{[%clk 0:59:14]} 16. Na4 {[%clk 0:18:21]} Qc7 {[%clk 0:56:19]} 17. Nxc6
{[%clk 0:16:40]} Nxc3 {[%clk 0:56:09]} 18. Nxc3 {[%clk 0:13:53]} Nxc6
{[%clk 0:56:29]} 19. Qa4 {[%clk 0:09:20]} Bb7 {[%clk 0:54:58]} 20. Bf4
{[%clk 0:05:01]} Ne5 {[%clk 0:54:57]} 21. Nd5 {[%clk 0:04:26]} Qc4
{[%clk 0:48:14]} 22. Qxc4 {[%clk 0:03:21]} Nxc4 {[%clk 0:48:42]} 23. Nc7
{[%clk 0:03:22]} Bxg2 {[%clk 0:49:02]} 24. Kxg2 {[%clk 0:03:38]} Nxb2
{[%clk 0:48:20]} 25. Nxe8 {[%clk 0:02:46]} Rxe8 {[%clk 0:48:19]} 26. Rxa6
{[%clk 0:03:15]} Bd4 {[%clk 0:47:41]} 27. Bh6 {[%clk 0:02:37]} Bb6
{[%clk 0:46:42]} 28. Ra3 {[%clk 0:02:16]} Nc4 {[%clk 0:46:34]} 29. Rc3
{[%clk 0:02:08]} Ne5 {[%clk 0:46:25]} 30. Be3 {[%clk 0:01:14]} Ba5
{[%clk 0:44:21]} 31. Rc2 {[%clk 0:01:04]} Bb6 {[%clk 0:41:11]} 32. Bxb6
{[%clk 0:01:17]} axb6 {[%clk 0:41:40]} 33. Re2 {[%clk 0:01:11]} Re6
{[%clk 0:39:39]} 34. Rfe1 {[%clk 0:01:09]} Nc4 {[%clk 0:39:26]} 35. Rxe6
{[%clk 0:01:24]} fxe6 {[%clk 0:39:55]} 36. Rxe6 {[%clk 0:01:51]} Kf7
{[%clk 0:39:59]} 37. Rc6 {[%clk 0:02:02]} b5 {[%clk 0:40:17]} 38. Kf1
{[%clk 0:01:40]} h5 {[%clk 0:40:24]} 39. h4 {[%clk 0:01:56]} Na3 {[%clk 0:37:20]}
40. Ke2 {[%clk 0:01:22]} b4 {[%clk 0:37:07]} 41. Kd3 {[%clk 0:01:02]} b3
{[%clk 0:36:59]} 42. Rb6 {[%clk 0:00:56]} Nc2 {[%clk 0:36:47]} 43. Rxb3
{[%clk 0:00:56]} Ne1+ {[%clk 0:37:01]} 44. Kd2 {[%clk 0:01:15]} Ng2
{[%clk 0:37:11]} 45. Rb5 {[%clk 0:28:15]} Kf6 {[%clk 1:07:49]} 46. Ke2
{[%clk 0:28:36]} 1-0

[Event "WCO2014"]
[Site "Tromso"]
[Date "2014.08.12"]
[Round "10.11"]
[WhiteID "2501597"]
[White "Lowry-O`reilly Hannah"]
[BlackID "3003000"]
[Black "Larrea Daniela"]
[Result "0-1"]
[LiveChessVersion "1.4.3"]
[BlackElo "1709"]
[WhiteElo "1731"]

1. d4 {[%clk 1:30:59]} Nf6 {[%clk 1:30:52]} 2. c4 {[%clk 1:31:22]} g6
{[%clk 1:31:17]} 3. Nc3 {[%clk 1:31:46]} Bg7 {[%clk 1:31:43]} 4. e4
{[%clk 1:32:07]} d6 {[%clk 1:32:08]} 5. f3 {[%clk 1:32:30]} O-O {[%clk 1:32:31]}
6. Be3 {[%clk 1:32:47]} a6 {[%clk 1:32:51]} 7. Nge2 {[%clk 1:33:03]} Nbd7
{[%clk 1:33:05]} 8. Qd2 {[%clk 1:32:34]} c5 {[%clk 1:33:24]} 9. dxc5
{[%clk 1:30:19]} dxc5 {[%clk 1:29:02]} 10. O-O-O {[%clk 1:29:12]} Qa5
{[%clk 1:25:08]} 11. Kb1 {[%clk 1:29:07]} Qc7 {[%clk 1:17:05]} 12. Nf4
{[%clk 1:23:10]} e6 {[%clk 1:09:50]} 13. Be2 {[%clk 1:17:10]} Ne5
{[%clk 1:02:02]} 14. g4 {[%clk 1:10:15]} b6 {[%clk 0:42:07]} 15. h4
{[%clk 1:09:00]} Nc6 {[%clk 0:41:54]} 16. h5 {[%clk 1:05:59]} Rd8
{[%clk 0:38:14]} 17. Qe1 {[%clk 0:58:19]} Rxd1+ {[%clk 0:34:35]} 18. Nxd1
{[%clk 0:57:29]} Nd4 {[%clk 0:33:27]} 19. hxg6 {[%clk 0:51:19]} hxg6
{[%clk 0:32:37]} 20. Nd3 {[%clk 0:49:15]} b5 {[%clk 0:25:21]} 21. Bf4
{[%clk 0:34:11]} Qb6 {[%clk 0:22:15]} 22. Nc1 {[%clk 0:28:33]} bxc4
{[%clk 0:17:54]} 23. Qg3 {[%clk 0:24:52]} c3 {[%clk 0:16:50]} 24. Nxc3
{[%clk 0:23:40]} Nb5 {[%clk 0:07:51]} 25. Bxb5 {[%clk 0:23:42]} axb5
{[%clk 0:08:46]} 26. Bd6 {[%clk 0:17:55]} Ne8 {[%clk 0:05:03]} 27. Be7
{[%clk 0:17:29]} Qc7 {[%clk 0:04:53]} 28. Qh4 {[%clk 0:17:34]} f6
{[%clk 0:05:05]} 29. Qh7+ {[%clk 0:07:37]} Kf7 {[%clk 0:05:18]} 30. Rh6
{[%clk 0:06:38]} Kxe7 {[%clk 0:03:29]} 31. Rxg6 {[%clk 0:06:32]} Kd8
{[%clk 0:03:31]} 32. Nxb5 {[%clk 0:04:22]} Qd7 {[%clk 0:02:55]} 33. Na3
{[%clk 0:03:00]} Bf8 {[%clk 0:02:23]} 34. Qxd7+ {[%clk 0:02:46]} Kxd7
{[%clk 0:02:13]} 35. Nd3 {[%clk 0:02:48]} Ke7 {[%clk 0:02:25]} 36. Rg8
{[%clk 0:02:10]} Bg7 {[%clk 0:02:16]} 37. Nxc5 {[%clk 0:01:33]} Kf7
{[%clk 0:02:38]} 38. Rxe8 {[%clk 0:01:24]} Kxe8 {[%clk 0:03:00]} 39. Nb5
{[%clk 0:00:49]} Kd8 {[%clk 0:02:14]} 40. a3 {[%clk 0:00:34]} Bf8
{[%clk 0:02:08]} 41. Nb3 {[%clk 0:28:15]} e5 {[%clk 0:29:55]} 42. Nc3
{[%clk 0:28:18]} Be6 {[%clk 0:28:21]} 43. Kc2 {[%clk 0:28:21]} Kc7
{[%clk 0:21:55]} 44. Nd2 {[%clk 0:27:29]} Bc5 {[%clk 0:21:05]} 45. Nf1
{[%clk 0:25:42]} Rh8 {[%clk 0:20:01]} 46. Nd1 {[%clk 0:25:00]} Rh3
{[%clk 0:19:15]} 47. Nd2 {[%clk 0:25:14]} Rh2 {[%clk 0:18:25]} 48. Kd3
{[%clk 0:24:59]} Bd4 {[%clk 0:17:42]} 49. Nc3 {[%clk 0:24:04]} Kc6
{[%clk 0:15:44]} 50. Nd1 {[%clk 0:22:40]} Rh3 {[%clk 0:14:31]} 51. Ke2
{[%clk 0:22:39]} Kb5 {[%clk 0:14:18]} 52. Ke1 {[%clk 0:20:04]} Rh1+
{[%clk 0:14:01]} 53. Ke2 {[%clk 0:20:14]} Bc4+ {[%clk 0:11:37]} 54. Nxc4
{[%clk 0:20:25]} Kxc4 {[%clk 0:12:03]} 55. Kd2 {[%clk 0:16:19]} Rh2+
{[%clk 0:12:00]} 0-1

[Event "WCO2014"]
[Site "Tromso"]
[Date "2014.08.12"]
[Round "10.12"]
[WhiteID "3003973"]
[White "De San Vicente Sabrina"]
[BlackID "2501171"]
[Black "Ui Laighleis Gearoidin"]
[Result "1/2-1/2"]
[LiveChessVersion "1.4.3"]
[BlackElo "1830"]
[WhiteElo "1687"]

1. d4 {[%clk 1:30:55]} d5 {[%clk 1:30:53]} 2. c4 {[%clk 1:31:17]} e6
{[%clk 1:31:10]} 3. cxd5 {[%clk 1:31:33]} exd5 {[%clk 1:31:33]} 4. Nc3
{[%clk 1:31:51]} Nf6 {[%clk 1:31:31]} 5. Bg5 {[%clk 1:32:00]} Be7
{[%clk 1:31:41]} 6. e3 {[%clk 1:31:58]} c6 {[%clk 1:31:11]} 7. Bd3
{[%clk 1:31:50]} Nbd7 {[%clk 1:30:50]} 8. Qc2 {[%clk 1:31:04]} O-O
{[%clk 1:30:32]} 9. Nf3 {[%clk 1:30:31]} Re8 {[%clk 1:30:13]} 10. O-O
{[%clk 1:30:31]} Nf8 {[%clk 1:29:22]} 11. Rab1 {[%clk 1:25:18]} Ne4
{[%clk 1:18:26]} 12. Bxe7 {[%clk 1:23:48]} Qxe7 {[%clk 1:18:45]} 13. b4
{[%clk 1:22:12]} a6 {[%clk 1:15:58]} 14. a4 {[%clk 1:21:39]} Ng6 {[%clk 1:05:04]}
15. b5 {[%clk 1:16:02]} axb5 {[%clk 1:04:47]} 16. axb5 {[%clk 1:15:23]} Bd7
{[%clk 1:03:08]} 17. bxc6 {[%clk 1:08:29]} Bxc6 {[%clk 0:54:46]} 18. Nd2
{[%clk 0:47:49]} Nxc3 {[%clk 0:49:50]} 19. Qxc3 {[%clk 0:47:57]} Rec8
{[%clk 0:46:30]} 20. Qb2 {[%clk 0:43:03]} Qa3 {[%clk 0:38:14]} 21. Bxg6
{[%clk 0:35:52]} Qxb2 {[%clk 0:34:01]} 22. Bxf7+ {[%clk 0:35:29]} Kxf7
{[%clk 0:34:14]} 23. Rxb2 {[%clk 0:35:51]} Ra3 {[%clk 0:23:47]} 24. Nf3
{[%clk 0:29:41]} Rc3 {[%clk 0:19:51]} 25. h3 {[%clk 0:23:40]} h6 {[%clk 0:19:42]}
26. Ne5+ {[%clk 0:23:44]} Kf6 {[%clk 0:19:47]} 27. Nxc6 {[%clk 0:23:07]} bxc6
{[%clk 0:20:04]} 28. Ra1 {[%clk 0:19:59]} c5 {[%clk 0:15:00]} 29. Ra6+
{[%clk 0:17:58]} Kf5 {[%clk 0:11:02]} 30. dxc5 {[%clk 0:12:54]} R8xc5
{[%clk 0:10:55]} 31. Rd6 {[%clk 0:09:31]} Ke5 {[%clk 0:09:54]} 32. Rd7
{[%clk 0:07:17]} Rc7 {[%clk 0:09:15]} 33. Rxc7 {[%clk 0:05:41]} Rxc7
{[%clk 0:09:35]} 34. g3 {[%clk 0:04:20]} Ke4 {[%clk 0:09:18]} 35. Kg2
{[%clk 0:04:21]} Kd3 {[%clk 0:07:39]} 36. Rb4 {[%clk 0:04:21]} Kc3
{[%clk 0:04:42]} 37. Rf4 {[%clk 0:04:07]} Rd7 {[%clk 0:04:25]} 38. Kf3
{[%clk 0:04:06]} Rc7 {[%clk 0:03:44]} 39. Rd4 {[%clk 0:04:16]} Rf7+
{[%clk 0:02:45]} 40. Rf4 {[%clk 0:04:44]} Rd7 {[%clk 0:02:50]} 41. Ke2
{[%clk 0:04:28]} Re7 {[%clk 0:02:32]} 42. Kf3 {[%clk 0:04:41]} Rd7
{[%clk 0:02:30]} 43. Kg4 {[%clk 0:02:54]} Re7 {[%clk 0:00:31]} 44. Kf5
{[%clk 0:01:56]} g5 {[%clk 0:25:45]} 1/2-1/2

[Event "WCO2014"]
[Site "Tromso"]
[Date "2014.08.12"]
[Round "10.5"]
[WhiteID "5600502"]
[White "Pulpan Oana"]
[BlackID "3301680"]
[Black "Ramirez M. Eugenia"]
[Result "0-1"]
[LiveChessVersion "1.4.3"]
[BlackElo "2045"]
[WhiteElo "1846"]

1. d4 {[%clk 1:30:58]} Nf6 {[%clk 1:30:52]} 2. Nf3 {[%clk 1:31:25]} e6
{[%clk 1:31:14]} 3. g3 {[%clk 1:31:53]} d5 {[%clk 1:31:28]} 4. Bg2
{[%clk 1:32:20]} g6 {[%clk 1:31:14]} 5. O-O {[%clk 1:32:46]} Bg7 {[%clk 1:31:36]}
6. c4 {[%clk 1:33:07]} c6 {[%clk 1:31:52]} 7. cxd5 {[%clk 1:33:35]} exd5
{[%clk 1:31:39]} 8. Nc3 {[%clk 1:34:00]} O-O {[%clk 1:31:45]} 9. Bg5
{[%clk 1:34:02]} h6 {[%clk 1:29:47]} 10. Bf4 {[%clk 1:33:59]} g5 {[%clk 1:29:18]}
11. Be3 {[%clk 1:30:02]} Ng4 {[%clk 1:26:53]} 12. Bd2 {[%clk 1:29:53]} f5
{[%clk 1:25:08]} 13. h3 {[%clk 1:29:02]} Nf6 {[%clk 1:25:24]} 14. Ne5
{[%clk 1:29:22]} Ne4 {[%clk 1:25:11]} 15. Be1 {[%clk 1:27:18]} Nxc3
{[%clk 1:18:59]} 16. Bxc3 {[%clk 1:27:27]} f4 {[%clk 1:18:57]} 17. e4
{[%clk 1:18:31]} Be6 {[%clk 1:08:19]} 18. Qb3 {[%clk 1:15:46]} Bxe5
{[%clk 1:05:25]} 19. Qxb7 {[%clk 1:03:30]} f3 {[%clk 1:03:05]} 20. Bh1
{[%clk 1:03:22]} Bd6 {[%clk 0:56:58]} 21. Qxa8 {[%clk 0:55:27]} Qb6
{[%clk 0:56:44]} 22. e5 {[%clk 0:54:29]} Bc7 {[%clk 0:51:31]} 23. a4
{[%clk 0:48:14]} Bc8 {[%clk 0:48:45]} 24. a5 {[%clk 0:45:31]} Qa6
{[%clk 0:48:59]} 25. Bb4 {[%clk 0:45:02]} Bb7 {[%clk 0:49:18]} 26. Qxb7
{[%clk 0:45:21]} Qxb7 {[%clk 0:49:44]} 27. Bxf8 {[%clk 0:45:48]} Kxf8
{[%clk 0:49:56]} 28. Ra3 {[%clk 0:37:34]} Qxb2 {[%clk 0:48:37]} 29. Rxf3+
{[%clk 0:38:00]} Ke8 {[%clk 0:47:23]} 30. Rd1 {[%clk 0:30:01]} Bxa5
{[%clk 0:47:24]} 31. Rfd3 {[%clk 0:28:29]} Na6 {[%clk 0:45:09]} 32. Bf3
{[%clk 0:27:16]} Nc7 {[%clk 0:33:07]} 33. Bh5+ {[%clk 0:26:42]} Kd8
{[%clk 0:33:26]} 34. Rf3 {[%clk 0:22:49]} Ne6 {[%clk 0:32:01]} 35. Rf7
{[%clk 0:20:02]} Nxd4 {[%clk 0:26:53]} 36. Rxa7 {[%clk 0:11:10]} Bb6
{[%clk 0:21:41]} 37. Rf7 {[%clk 0:07:58]} Ne2+ {[%clk 0:19:51]} 38. Kf1
{[%clk 0:06:26]} Nf4 {[%clk 0:18:46]} 39. Rxf4 {[%clk 0:05:41]} gxf4
{[%clk 0:19:07]} 0-1

[Event "WCO2014"]
[Site "Tromso"]
[Date "2014.08.12"]
[Round "10.6"]
[WhiteID "3301630"]
[White "Cordero Daniela"]
[BlackID "5600464"]
[Black "Aguilar Filipina"]
[Result "1-0"]
[LiveChessVersion "1.4.3"]
[BlackElo "1820"]
[WhiteElo "2010"]

1. d4 {[%clk 1:30:58]} Nf6 {[%clk 1:30:56]} 2. Nf3 {[%clk 1:31:19]} g6
{[%clk 1:31:21]} 3. c4 {[%clk 1:31:36]} d5 {[%clk 1:31:47]} 4. cxd5
{[%clk 1:31:47]} Nxd5 {[%clk 1:32:12]} 5. e4 {[%clk 1:32:12]} Nb6
{[%clk 1:32:02]} 6. h3 {[%clk 1:32:35]} Bg7 {[%clk 1:32:28]} 7. Nc3
{[%clk 1:31:42]} O-O {[%clk 1:32:38]} 8. Be2 {[%clk 1:31:51]} c5 {[%clk 1:25:42]}
9. Be3 {[%clk 1:19:19]} cxd4 {[%clk 1:23:03]} 10. Bxd4 {[%clk 1:19:41]} Nc6
{[%clk 1:22:07]} 11. Bxg7 {[%clk 1:19:56]} Kxg7 {[%clk 1:22:29]} 12. Qc1
{[%clk 1:02:03]} Be6 {[%clk 1:19:25]} 13. O-O {[%clk 0:57:10]} Nd4
{[%clk 1:14:23]} 14. Rd1 {[%clk 0:46:58]} Nxe2+ {[%clk 1:12:13]} 15. Nxe2
{[%clk 0:47:22]} Qc8 {[%clk 1:11:44]} 16. Qf4 {[%clk 0:39:35]} Rd8
{[%clk 1:03:35]} 17. Ned4 {[%clk 0:35:52]} f6 {[%clk 0:42:28]} 18. Rac1
{[%clk 0:22:51]} Qd7 {[%clk 0:32:59]} 19. Rc7 {[%clk 0:16:16]} Nd5
{[%clk 0:17:47]} 20. exd5 {[%clk 0:14:43]} Qxd5 {[%clk 0:18:08]} 21. Nxe6+
{[%clk 0:13:10]} Qxe6 {[%clk 0:18:16]} 22. Re1 {[%clk 0:13:33]} Qb6
{[%clk 0:11:46]} 23. Rcxe7+ {[%clk 0:12:49]} Kf8 {[%clk 0:11:16]} 24. Qh6+
{[%clk 0:13:13]} 1-0

[Event "WCO2014"]
[Site "Tromso"]
[Date "2014.08.12"]
[Round "10.7"]
[WhiteID "5600898"]
[White "Farrugia Jamie"]
[BlackID "3301923"]
[Black "Estrada Lucia"]
[Result "0-1"]
[LiveChessVersion "1.4.3"]
[BlackElo "1974"]
[WhiteElo "1541"]

1. e4 {[%clk 1:30:53]} e6 {[%clk 1:30:41]} 2. d4 {[%clk 1:31:02]} d5
{[%clk 1:30:58]} 3. e5 {[%clk 1:31:20]} c5 {[%clk 1:30:23]} 4. c3
{[%clk 1:31:11]} Qb6 {[%clk 1:29:25]} 5. Nf3 {[%clk 1:30:25]} Nd7
{[%clk 1:28:36]} 6. a3 {[%clk 1:28:33]} c4 {[%clk 1:21:04]} 7. Be2
{[%clk 1:24:05]} Ne7 {[%clk 1:20:58]} 8. O-O {[%clk 1:22:29]} Nc6
{[%clk 1:19:48]} 9. Nbd2 {[%clk 1:18:10]} Be7 {[%clk 1:14:03]} 10. b4
{[%clk 1:15:07]} a5 {[%clk 1:07:52]} 11. Qa4 {[%clk 0:55:28]} O-O
{[%clk 1:00:18]} 12. Re1 {[%clk 0:38:54]} f6 {[%clk 0:58:15]} 13. Bd1
{[%clk 0:34:38]} fxe5 {[%clk 0:57:59]} 14. b5 {[%clk 0:31:33]} Na7
{[%clk 0:49:35]} 15. Nxe5 {[%clk 0:19:14]} Nxe5 {[%clk 0:46:27]} 16. Rxe5
{[%clk 0:18:46]} Bf6 {[%clk 0:44:13]} 17. Rh5 {[%clk 0:16:07]} g6
{[%clk 0:40:47]} 18. Rh6 {[%clk 0:09:59]} e5 {[%clk 0:35:56]} 19. Qc2
{[%clk 0:08:47]} Bf5 {[%clk 0:34:54]} 20. Qb2 {[%clk 0:02:54]} exd4
{[%clk 0:35:10]} 21. Nb1 {[%clk 0:01:25]} Bg7 {[%clk 0:32:52]} 22. Rh4
{[%clk 0:00:53]} Be4 {[%clk 0:32:35]} 23. Kh1 {[%clk 0:00:33]} dxc3
{[%clk 0:32:26]} 24. Nxc3 {[%clk 0:00:49]} Bxc3 {[%clk 0:32:28]} 25. Qxc3
{[%clk 0:00:35]} Qxf2 {[%clk 0:32:50]} 26. Be3 {[%clk 0:00:43]} Qxg2#
{[%clk 0:33:11]} 0-1

[Event "WCO2014"]
[Site "Tromso"]
[Date "2014.08.12"]
[Round "10.8"]
[WhiteID "3301346"]
[White "Prado Alexandra"]
[BlackID "5601703"]
[Black "Axiaq Ariana"]
[Result "1-0"]
[LiveChessVersion "1.4.3"]
[BlackElo "1346"]
[WhiteElo "1831"]

1. e4 {[%clk 1:30:48]} c5 {[%clk 1:30:55]} 2. c3 {[%clk 1:31:10]} g6
{[%clk 1:31:18]} 3. d4 {[%clk 1:29:27]} cxd4 {[%clk 1:31:41]} 4. cxd4
{[%clk 1:28:06]} Bg7 {[%clk 1:31:36]} 5. Nc3 {[%clk 1:25:42]} e6 {[%clk 1:28:43]}
6. Nf3 {[%clk 1:24:19]} Ne7 {[%clk 1:27:05]} 7. Be2 {[%clk 1:13:59]} O-O
{[%clk 1:24:29]} 8. O-O {[%clk 1:13:01]} d5 {[%clk 1:24:13]} 9. e5
{[%clk 1:12:47]} Nbc6 {[%clk 1:23:45]} 10. Bf4 {[%clk 1:03:10]} Bd7
{[%clk 1:20:54]} 11. Qd2 {[%clk 1:01:26]} a6 {[%clk 1:17:55]} 12. Rac1
{[%clk 0:54:00]} b5 {[%clk 1:08:04]} 13. Bd3 {[%clk 0:49:44]} Qb6
{[%clk 1:05:06]} 14. Bb1 {[%clk 0:46:21]} Rfc8 {[%clk 1:01:39]} 15. h4
{[%clk 0:44:46]} h5 {[%clk 0:58:35]} 16. Rfd1 {[%clk 0:42:02]} Na5
{[%clk 0:42:53]} 17. b3 {[%clk 0:37:44]} Rc7 {[%clk 0:37:24]} 18. Bh6
{[%clk 0:36:34]} Rac8 {[%clk 0:34:59]} 19. Bxg7 {[%clk 0:33:36]} Kxg7
{[%clk 0:35:18]} 20. Ne2 {[%clk 0:33:10]} Rxc1 {[%clk 0:34:48]} 21. Rxc1
{[%clk 0:33:31]} Rxc1+ {[%clk 0:35:14]} 22. Qxc1 {[%clk 0:33:28]} Nac6
{[%clk 0:33:25]} 23. Qg5 {[%clk 0:32:47]} Ng8 {[%clk 0:29:14]} 24. Nf4
{[%clk 0:19:04]} Qd8 {[%clk 0:27:21]} 25. Nxh5+ {[%clk 0:16:36]} Kf8
{[%clk 0:26:06]} 26. Nf6 {[%clk 0:16:11]} Qe7 {[%clk 0:21:59]} 27. h5
{[%clk 0:15:15]} Qd8 {[%clk 0:15:43]} 28. hxg6 {[%clk 0:13:28]} 1-0

[Event "WCO2014"]
[Site "Tromso"]
[Date "2014.08.12"]
[Round "10.2"]
[WhiteID "10000445"]
[White "Namaganda Christine"]
[BlackID "633747"]
[Black "Levacic Melissa"]
[Result "0-1"]
[LiveChessVersion "1.4.3"]
[BlackElo "1994"]
[WhiteElo "1536"]

1. d4 {[%clk 1:30:56]} Nf6 {[%clk 1:30:45]} 2. Nf3 {[%clk 1:31:11]} e6
{[%clk 1:30:26]} 3. Bf4 {[%clk 1:31:04]} b6 {[%clk 1:29:23]} 4. e3
{[%clk 1:31:03]} Bb7 {[%clk 1:28:10]} 5. Nbd2 {[%clk 1:31:05]} Be7
{[%clk 1:25:37]} 6. c3 {[%clk 1:30:47]} O-O {[%clk 1:24:16]} 7. Bd3
{[%clk 1:29:59]} d5 {[%clk 1:22:52]} 8. h3 {[%clk 1:25:23]} c5 {[%clk 1:18:35]}
9. Ne5 {[%clk 1:19:59]} Ne4 {[%clk 1:00:22]} 10. g3 {[%clk 1:02:39]} Nd7
{[%clk 0:48:41]} 11. f3 {[%clk 0:47:33]} Nxd2 {[%clk 0:45:45]} 12. Kxd2
{[%clk 0:44:44]} Nxe5 {[%clk 0:33:20]} 13. Bxe5 {[%clk 0:42:32]} f6
{[%clk 0:32:47]} 14. Bf4 {[%clk 0:39:04]} g5 {[%clk 0:31:38]} 15. Qc2
{[%clk 0:31:58]} Rf7 {[%clk 0:29:27]} 16. Bxg5 {[%clk 0:29:16]} fxg5
{[%clk 0:29:22]} 17. f4 {[%clk 0:25:23]} cxd4 {[%clk 0:24:43]} 18. exd4
{[%clk 0:23:44]} Qd6 {[%clk 0:15:06]} 19. Raf1 {[%clk 0:20:52]} a5
{[%clk 0:15:02]} 20. fxg5 {[%clk 0:16:14]} Bxg5+ {[%clk 0:15:15]} 21. Kd1
{[%clk 0:16:27]} Raf8 {[%clk 0:11:40]} 22. Bxh7+ {[%clk 0:10:01]} Rxh7
{[%clk 0:10:40]} 23. Rxf8+ {[%clk 0:05:49]} Qxf8 {[%clk 0:10:56]} 24. Qg6+
{[%clk 0:05:24]} Rg7 {[%clk 0:11:08]} 25. Qxe6+ {[%clk 0:05:37]} Qf7
{[%clk 0:10:54]} 26. Qxf7+ {[%clk 0:04:07]} Rxf7 {[%clk 0:10:40]} 27. h4
{[%clk 0:04:10]} Be7 {[%clk 0:09:27]} 28. Re1 {[%clk 0:04:22]} Bd6
{[%clk 0:08:39]} 29. Re6 {[%clk 0:04:28]} Bxg3 {[%clk 0:08:43]} 30. Rg6+
{[%clk 0:04:27]} Rg7 {[%clk 0:09:01]} 31. Rxb6 {[%clk 0:04:38]} Bxh4
{[%clk 0:08:57]} 32. Rb5 {[%clk 0:04:50]} Bd8 {[%clk 0:08:49]} 33. Kc2
{[%clk 0:04:56]} Kf8 {[%clk 0:07:42]} 34. Kb3 {[%clk 0:05:14]} Rd7
{[%clk 0:07:22]} 35. Rc5 {[%clk 0:05:05]} Ke7 {[%clk 0:06:13]} 36. Rb5
{[%clk 0:05:05]} Bc6 {[%clk 0:05:37]} 37. Rc5 {[%clk 0:04:56]} Kd6
{[%clk 0:04:58]} 38. Kc2 {[%clk 0:05:13]} Bb6 {[%clk 0:05:10]} 39. Rxc6+
{[%clk 0:04:30]} Kxc6 {[%clk 0:05:34]} 40. Kb3 {[%clk 0:04:43]} Kb5
{[%clk 0:05:51]} 41. a4+ {[%clk 0:04:39]} Kc6 {[%clk 0:06:11]} 42. Ka2
{[%clk 0:04:44]} Rg7 {[%clk 0:03:07]} 43. Kb3 {[%clk 0:04:44]} Rg3
{[%clk 0:03:15]} 0-1

[Event "WCO2014"]
[Site "Tromso"]
[Date "2014.08.12"]
[Round "10.3"]
[WhiteID "1301047"]
[White "Grillon Charline"]
[BlackID "10000313"]
[Black "Kigeni Grace"]
[Result "1-0"]
[LiveChessVersion "1.4.3"]
[BlackElo "1676"]
[WhiteElo "1734"]

1. d4 {[%clk 1:30:58]} d5 {[%clk 1:30:49]} 2. c4 {[%clk 1:31:21]} c6
{[%clk 1:31:09]} 3. Nc3 {[%clk 1:31:38]} Nf6 {[%clk 1:31:21]} 4. Nf3
{[%clk 1:31:27]} e6 {[%clk 1:31:14]} 5. e3 {[%clk 1:31:12]} Nbd7 {[%clk 1:31:32]}
6. Bd3 {[%clk 1:30:52]} dxc4 {[%clk 1:31:31]} 7. Bxc4 {[%clk 1:31:02]} b5
{[%clk 1:31:39]} 8. Bb3 {[%clk 1:29:33]} Bb7 {[%clk 1:31:01]} 9. O-O
{[%clk 1:28:45]} Be7 {[%clk 1:29:52]} 10. Re1 {[%clk 1:25:40]} a6
{[%clk 1:24:45]} 11. e4 {[%clk 1:22:30]} b4 {[%clk 1:24:18]} 12. Na4
{[%clk 1:21:06]} O-O {[%clk 1:14:12]} 13. Bg5 {[%clk 1:14:45]} Rc8
{[%clk 0:50:14]} 14. Rc1 {[%clk 1:08:04]} h6 {[%clk 0:41:43]} 15. Bh4
{[%clk 1:06:48]} a5 {[%clk 0:35:46]} 16. Nc5 {[%clk 0:54:42]} Nxc5
{[%clk 0:33:38]} 17. dxc5 {[%clk 0:51:16]} Qe8 {[%clk 0:29:10]} 18. Ne5
{[%clk 0:44:27]} Rd8 {[%clk 0:21:13]} 19. Qe2 {[%clk 0:42:35]} Nd7
{[%clk 0:17:40]} 20. Nxd7 {[%clk 0:39:09]} Rxd7 {[%clk 0:16:36]} 21. Bg3
{[%clk 0:38:54]} Qa8 {[%clk 0:15:53]} 22. Qg4 {[%clk 0:36:47]} Rfd8
{[%clk 0:15:11]} 23. Be5 {[%clk 0:35:06]} Bf8 {[%clk 0:15:10]} 24. Bf6
{[%clk 0:33:57]} Re8 {[%clk 0:11:41]} 25. Re3 {[%clk 0:31:31]} Kh7
{[%clk 0:08:49]} 26. Rg3 {[%clk 0:28:36]} g6 {[%clk 0:08:39]} 27. e5
{[%clk 0:25:14]} Rd2 {[%clk 0:02:56]} 28. Bc2 {[%clk 0:23:43]} Rxc2
{[%clk 0:03:20]} 29. Rxc2 {[%clk 0:24:06]} Qa7 {[%clk 0:02:11]} 30. Rh3
{[%clk 0:23:02]} Bg7 {[%clk 0:01:16]} 31. Bxg7 {[%clk 0:18:35]} Kxg7
{[%clk 0:01:34]} 32. Qf4 {[%clk 0:18:53]} Rh8 {[%clk 0:01:01]} 33. Qf6+
{[%clk 0:18:25]} Kg8 {[%clk 0:01:00]} 34. Rd3 {[%clk 0:18:10]} 1-0

[Event "WCO2014"]
[Site "Tromso"]
[Date "2014.08.12"]
[Round "10.4"]
[WhiteID "10000399"]
[White "Mutesi Phiona"]
[BlackID "5400384"]
[Black "Lomandong Noela-Joyce"]
[Result "0-1"]
[LiveChessVersion "1.4.3"]
[BlackElo "1616"]
[WhiteElo "1632"]

1. e4 {[%clk 1:30:56]} e5 {[%clk 1:30:40]} 2. Nf3 Nc6 {[%clk 1:30:39]} 3. d4
{[%clk 1:30:35]} d6 {[%clk 1:29:11]} 4. h3 {[%clk 1:30:57]} Nf6 {[%clk 1:26:34]}
5. Nc3 {[%clk 1:28:52]} a6 {[%clk 1:25:00]} 6. Be3 {[%clk 1:26:02]} Be7
{[%clk 1:21:46]} 7. Be2 {[%clk 1:24:14]} O-O {[%clk 1:19:59]} 8. O-O
{[%clk 1:24:28]} Re8 {[%clk 1:17:11]} 9. a3 {[%clk 1:23:12]} Bf8 {[%clk 1:07:40]}
10. dxe5 {[%clk 1:17:43]} dxe5 {[%clk 1:04:34]} 11. Bc4 {[%clk 1:16:21]} b5
{[%clk 0:54:05]} 12. Ba2 {[%clk 1:13:46]} h6 {[%clk 0:51:17]} 13. Nd2
{[%clk 1:12:24]} Bb7 {[%clk 0:46:44]} 14. f3 {[%clk 1:10:42]} Nh5
{[%clk 0:37:24]} 15. Qe1 {[%clk 1:08:27]} Be7 {[%clk 0:32:54]} 16. Nd5
{[%clk 1:07:32]} Bh4 {[%clk 0:28:15]} 17. Bf2 {[%clk 1:05:31]} Bxf2+
{[%clk 0:27:07]} 18. Qxf2 {[%clk 1:05:35]} Nd4 {[%clk 0:24:26]} 19. c3
{[%clk 1:03:36]} Ne6 {[%clk 0:23:23]} 20. b4 {[%clk 1:02:28]} Nhf4
{[%clk 0:20:16]} 21. Nxf4 {[%clk 1:01:21]} Nxf4 {[%clk 0:20:32]} 22. Rad1
{[%clk 1:00:06]} Qg5 {[%clk 0:16:48]} 23. Kh2 {[%clk 0:59:28]} a5
{[%clk 0:13:36]} 24. Nb1 {[%clk 0:57:34]} axb4 {[%clk 0:12:24]} 25. cxb4
{[%clk 0:57:38]} Red8 {[%clk 0:10:49]} 26. Qc5 {[%clk 0:49:14]} Qxg2#
{[%clk 0:11:07]} 0-1